01215nam a2200289 a 4500001001100000003000800011006001900019007001500038008004100053010001700094020002800111040002100139035002000160050002600180082001800206100003400224245012000258260005300378300002500431504006400456533015200520650005100672651003100723655002900754710001700783856012500800ebr5002831CaPaEBRm u cr cn|||||||||980127s1998 hiub sb 001 0 eng  z 98010181  z0824820169 (alk. paper) aCaPaEBRcCaPaEBR a(OCoLC)5001672014aPR9624.3b.S33 1998eb04a820.9/9932211 aSchafer, William John,d1937-10aMapping the Godzoneh[electronic resource] :ba primer on New Zealand literature and culture /cWilliam J. Schafer. aHonolulu :bUniversity of Hawai'i Press,cc1998. axvii, 197 p. :bmap. aIncludes bibliographical references (p. 187-189) and index. aElectronic reproduction.bPalo Alto, Calif. :cebrary,d2013.nAvailable via World Wide Web.nAccess may be limited to ebrary affiliated libraries. 0aNew Zealand literaturexHistory and criticism. 0aNew ZealandxCivilization. 7aElectronic books.2local2 aebrary, Inc.40uhttp://site.ebrary.com/lib/rucke/Doc?id=5002831zAn electronic book accessible through the World Wide Web; click to view